书目信息 |
| 题名: |
电工电子学
|
|
| 作者: | 魏红 , 张畅 编著 | |
| 分册: | ||
| 出版信息: | 北京 科学出版社 2016.06 |
|
| 页数: | 389页 | |
| 开本: | 26cm | |
| 丛书名: | ||
| 单 册: | ||
| 中图分类: | TM1 , TN01 | |
| 科图分类: | ||
| 主题词: | 电工学--高等教育--教材 , 电子学--高等教育--教材 | |
| 电子资源: | ||
| ISBN: | 978-7-03-049085-8 | |
| 000 | 01068nam0 2200301 450 | |
| 001 | 0120141391231 | |
| 005 | 20170327083923.87 | |
| 010 | @a978-7-03-049085-8@dCNY49.00 | |
| 100 | @a20160713d2016 em y0chiy50 ea | |
| 101 | 0 | @achi |
| 102 | @aCN@b110000 | |
| 105 | @aa z 000yy | |
| 106 | @ar | |
| 200 | 1 | @a电工电子学@9dian gong dian zi xue@f魏红,张畅编著 |
| 205 | @a2版 | |
| 210 | @a北京@c科学出版社@d2016.06 | |
| 215 | @a389页@c图@d26cm | |
| 300 | @a普通高等教育“十三五”规划教材 信息与电子技术类系列教材 | |
| 330 | @a本书共13章,包括电工技术和电子技术两大部分内容。前7章电工技术部分介绍电路的基本概念、电路分析方法、交流电路、电路的暂态分析等,后6章电子技术部分介绍分立元件放大电路、集成运算放大器、直流电路、数字电路基础等。 | |
| 333 | @a高校电工电子专业师生,电子技术相关人员 | |
| 606 | 0 | @a电工学@x高等教育@j教材 |
| 606 | 0 | @a电子学@x高等教育@j教材 |
| 690 | @aTM1@v5 | |
| 690 | @aTN01@v5 | |
| 701 | 0 | @a魏红@9wei hong@4编著 |
| 701 | 0 | @a张畅@9zhang chang@4编著 |
| 801 | 0 | @aCN@b人天书店@c20160713 |
| 905 | @b980112-15@dTM1@e161=2@f4 | |
| 电工电子学/魏红,张畅编著.-2版.-北京:科学出版社,2016.06 |
| 389页:图;26cm |
| 普通高等教育“十三五”规划教材 信息与电子技术类系列教材.-使用对象:高校电工电子专业师生,电子技术相关人员 |
| ISBN 978-7-03-049085-8:CNY49.00 |
| 本书共13章,包括电工技术和电子技术两大部分内容。前7章电工技术部分介绍电路的基本概念、电路分析方法、交流电路、电路的暂态分析等,后6章电子技术部分介绍分立元件放大电路、集成运算放大器、直流电路、数字电路基础等。 |
| ● |
| 相关链接 |
|
|
|
|
正题名:电工电子学
索取号:TM1/161=2
 
预约/预借
| 序号 | 登录号 | 条形码 | 馆藏地/架位号 | 状态 | 备注 |
| 1 | 980112 | 209801124 | 第二样本阅览室/ [索取号:TM1/161=2] | 在馆 | |
| 2 | 980113 | 209801133 | 密集书库-物理学院/ [索取号:TM1/161=2] | 在馆 | |
| 3 | 980114 | 209801142 | 第三借阅区/ [索取号:TM1/161=2] | 在馆 | |
| 4 | 980115 | 209801151 | 第三借阅区/ [索取号:TM1/161=2] | 在馆 |